Kraftwerk: Albums by Cover - Statistics

General Stats
  • This quiz has been taken 13 times
  • The average score is 5 of 11
Answer Stats
Picture Hint Answer % Correct
1974 Autobahn
82%
1970 Kraftwerk
73%
2003 Tour de France Soundtracks
73%
1972 Kraftwerk 2
64%
1986 Electric Café
36%
1973 Ralf & Florian
36%
1991 The Mix
36%
1981 Computerwelt
18%
1978 Die Mensch-Maschine
18%
1975 Radio-Aktivität
18%
1977 Trans Europa Express
18%
No matching quizzes found
Score Distribution
Percent of People with Each Score
Percentile by Number Answered
Your Score History
You have not taken this quiz